000 00295nam a22001337a 4500
008 181009b xxu||||| |||| 00| 0 eng d
020 _a9780805305432
041 _aeng
080 _a579
100 _a11
101 _aMIKB
245 _aFundamentals of Microbiology
_cAlcamo
942 _2udc
_cBK
999 _c49129
_d49129